Taxation of profit in multinational companies diplomová práca

Saved in:
Bibliographic Details
Main Author: Pšurná, Katarína
Corporate Author: Ekonomická univerzita v Bratislave. Ústav medzinárodných programov
Other Authors: Kubicová, Jana, 1961-
Format: Book
Language:English
Published: Bratislava 2014
Tags: Add Tag
No Tags, Be the first to tag this record!

MARC

LEADER 00000nbm a2200000 4500
001 0193136
005 20170314124630.9
041 0 |a eng 
044 |a SK 
245 1 0 |a Taxation of profit in multinational companies  |b diplomová práca  |c Katarína Pšurná ; školiteľ: Jana Kubicová 
264 1 |a Bratislava  |c 2014 
300 |a 121 s. 
100 1 |a Pšurná, Katarína 
700 1 |a Kubicová, Jana, 1961- 
710 2 |a Ekonomická univerzita v Bratislave. Ústav medzinárodných programov